000 00672nam a2200265Ia 4500
005 20260121171924.0
008 008 260114s9999 xx 000 0 eng d
020 _a9783030423315
037 _aEBOOK
040 _aCRL
040 _beng
040 _cCRL
041 _2eng
041 _aeng
084 _qCRL
100 _aAvis Ridgway, Gloria QuiƱones, Liang Li
_91082113
245 0 _aPeer Play and Relationships in Early Childhood
260 _bSpringer
260 _bSpringer
260 _c2020
856 _uhttps://link.springer.com/openurl?genre=book&isbn=978-3-030-42331-5
942 _cEBOOK
999 _c1647846
_d1647846